Gry video po lokalizacji - Statystyki

Ogólne statystyki
  • Ten quiz został rozwiązany 64 razy
  • Średni wynik to 6 z 20
Statystyki odpowiedzi
Lokalizacja Gra video % Poprawnych
Nether Minecraft
95%
Rivia Wiedźmin
86%
Mirage Counter Strike
77%
Night City Cyberpunk 2077
73%
Sandy Shores Grand Theft Auto
70%
Raccoon City Resident Evil
61%
Wieża Xardasa Gothic
36%
The Skeld Among Us
25%
Armadillo Red Dead Redemption
21%
Grzybowe Królestwo Super Mario
20%
Lavender Town Pokemon
16%
Miasto 17 Half-Life
13%
Paradise City Postal
7%
2Fort Team Fortress 2
7%
Hyrule Legend of Zelda
4%
Green Hill Zone Sonic the Hedgehog
2%
Arctic Caverns Battleroads
0%
Byelomorye Dam GoldenEye 007
0%
Earthrealm Mortal Combat
0%
Sektor Koprulu StarCraft
0%
Nie znaleziono quizów pasujących do podanych kryteriów
Rozkład punktacji
Procent ludzi z każdym wynikiem
Percentyl według liczby udzielonych odpowiedzi
Twoja historia wyników
Nie rozwiązałeś tego quizu